| 000 | 00469nam a22001457a 4500 | ||
|---|---|---|---|
| 008 | 141001b xxu||||| |||| 00| 0 eng d | ||
| 080 | _a553.3 | ||
| 100 | _aBarros, Luis Aires | ||
| 245 |
_aMineralogia dos jazigos de ferro e de manganes de Goa _bjunta de investigacoes do Ultramar. Estudos, Ensaios e Documentos _cLuis Aires Barros |
||
| 250 | _as. ed. | ||
| 260 |
_aLisboa _bEditora _c1963 |
||
| 300 |
_a223p. _b _c _e _f _g |
||
| 650 | _aMineracao | ||
| 942 |
_2udc _cBK |
||
| 999 |
_c30546 _d30546 |
||